Toutes les communes de la CC d'Aire-sur-l'Adour sur une carte - Statistiques

Statistiques générales
  • Ce quiz a été pris 6 fois
  • Le résultat moyen est 5 sur 22
Réponses sur la Carte
Les réponses sont colorées sur une échelle allant du rouge au vert en fonction du pourcentage des utilisateurs qui les ont devinées à leur premier essai. Vous pouvez retrouver ces pourcentages ci-dessous.
 
Statistiques - réponses
Département Commune Nombre d'habitants % Correct
Landes Aire-sur-l'Adour 6 215
100%
Gers Barcelonne-du-Gers 1 378
50%
Gers Arblade-le-Bas 131
25%
Gers Aurensan 132
25%
Gers Bernède 186
25%
Gers Corneillan 156
25%
Gers Gée-Rivière 44
25%
Gers Lannux 220
25%
Landes Latrille 167
25%
Gers Projan 182
25%
Landes Saint-Agnet 181
25%
Landes Saint-Loubouer 441
25%
Landes Sarron 105
25%
Gers Ségos 248
25%
Gers Vergoignan 316
25%
Landes Vielle-Tursan 283
25%
Landes Bahus-Soubiran 393
0%
Landes Buanes 240
0%
Landes Classun 246
0%
Landes Duhort-Bachen 682
0%
Landes Eugénie-les-Bains 486
0%
Landes Renung 490
0%
Aucun quiz correspondant
Distribution des résultats
% des personnes avec chaque résultat
Percentile par nombre de réponses
Votre historique - résultats
Vous n’avez pas pris ce quiz